Представление документа в формате MARC21

ПолеНазваниеЗначение
  Тип записи a
  Библиографический уровень m
001 Контрольный номер RU/URAIT/587908
005 Дата корректировки 20260429163704.7
008 Кодируемые данные 260429s2026 RU y f j 000 0 rus u
020 Индекс ISBN __
a ISBN 978-5-534-12882-6
c Цена, тираж 2119.00
040 Источник каталогиз. __
a Служба первич. каталог. ИКО Юрайт
c Служба, преобразующая запись ИКО Юрайт
e Правила каталог. RCR
041 Код языка издания __
a Код языка текста rus
044 Код страны публикации __
a Код страны публикации RU
080 Индекс УДК __
a Индекс УДК 81(075.8)
084 Индекс другой классификации/Индекс ББК __
2 Источник индекса rubbk
a Индекс другой классификации/Индекс ББК 81я73
100 Автор __
a Автор Колесникова С. М.
q Полное имя Колесникова Светлана Михайловна
245 Заглавие __
a Заглавие Функциональная грамматика русского языка
b Продолж. заглавия учебник и практикум для вузов
c Ответственность С. М. Колесникова [и др.] ; под редакцией С. М. Колесниковой.
256 Характеристики компьютерного файла __
a Характеристики компьютерного файла Электрон. дан.
260 Выходные данные __
a Место издания Москва
b Издательство Юрайт
c Дата издания 2026
300 Физическое описание __
a Объем 407 с
440 Серия __
a Серия Высшее образование
500 Примечания __
a Примечание URL: https://urait.ru/bcode/587908 (дата обращения: 29.04.2026).
520 Аннотация __
a Аннотация Настоящий курс позволяет определить содержательное, семантическое пространство языка, выявить субъективные и объективные смыслы, рассмотреть совокупность средств выражения разных категориальных значений (смыслов); создать целостное, основанное на современных научных концепциях представление о разновидности функциональной грамматики, базирующейся на понятиях «функция», «функционально-семантическое поле», «функционально-семантическая категория». Курс позволяет развить навыки и способности студентов (бакалавров и магистрантов) к самостоятельному освоению и критическому осмыслению грамматического описания, основанного на синтезе направлений анализа языковых единиц и категорий, — «от функции» и «от смысла». Соответствует актуальным требованиям Федерального государственного образовательного стандарта высшего образования. Курс предназначен для студентов-бакалавров, магистрантов, преподавателей вузов, аспирантов, научных работников, учителей-словесников.
538 Прим. о системных особенностях __
a Прим. о системных особенностях Режим доступа: Электронно-библиотечная система Юрайт, для авториз. пользователей
653 Ключевые слова __
a Ключевые слова Русский язык и культура речи
653 Ключевые слова __
a Ключевые слова Языки и литература
653 Ключевые слова __
a Ключевые слова Системно-функциональные аспекты языка
653 Ключевые слова __
a Ключевые слова Функциональная грамматика
653 Ключевые слова __
a Ключевые слова Функциональная грамматика русского языка
653 Ключевые слова __
a Ключевые слова Лексико-семантическая парадигматика
653 Ключевые слова __
a Ключевые слова Семантические категории в русском языке
653 Ключевые слова __
a Ключевые слова Морфологические и функционально-семантические категории современного русского языка
653 Ключевые слова __
a Ключевые слова Функционально-семантические исследования сложных слов
700 Другие авторы __
a Другие авторы Шаповалова Т. Е.
q Полное имя Шаповалова Татьяна Егоровна
700 Другие авторы __
a Другие авторы Лаврентьев В. А.
q Полное имя Лаврентьев Виталий Александрович
700 Другие авторы __
a Другие авторы Федосеева Л. Н.
q Полное имя Федосеева Лариса Николаевна
700 Другие авторы __
a Другие авторы Халикова Н. В.
q Полное имя Халикова Наталья Владимировна
700 Другие авторы __
a Другие авторы Логинов А. В.
q Полное имя Логинов Александр Викторович
700 Другие авторы __
a Другие авторы Алтабаева Е. В.
q Полное имя Алтабаева Елена Владимировна
700 Другие авторы __
a Другие авторы Орехова Е. Н.
q Полное имя Орехова Елена Николаевна
856 Электронный адрес документа 40
n Местонахождение сервера Юрайт
g Электронная книга
q Тип электронного формата html
h Имя пользователя ЮРАЙТ
v Часы доступа к ресурсу 20271231
2 Способ доступа Показать документ
x Служебное примечание https://urait.ru/book/cover/DDCFF9D9-5037-40C6-82FF-DBE564AB29A1
u URL https://urait.ru/bcode/587908
856 Электронный адрес документа 48
q Тип электронного формата cover
u URL https://urait.ru/book/cover/DDCFF9D9-5037-40C6-82FF-DBE564AB29A1
911 __
u 0030=https://urait.ru/bcode/587908
911 __
u 073a=9785534128826
u 073d=2119.00
911 __
u 106a=s
911 __
u 900l=
952 Тип литературы __
i Дисциплина Системно-функциональные аспекты языка
952 Тип литературы __
i Дисциплина Функциональная грамматика
952 Тип литературы __
i Дисциплина Функциональная грамматика русского языка
952 Тип литературы __
i Дисциплина Лексико-семантическая парадигматика
952 Тип литературы __
i Дисциплина Семантические категории в русском языке
952 Тип литературы __
i Дисциплина Морфологические и функционально-семантические категории современного русского языка
952 Тип литературы __
i Дисциплина Функционально-семантические исследования сложных слов